Datum a čas kvízu
41.5
Celkem bodů
Celkový počet nahraných bodů na tomto kvízu bez doplňovacích otázek.
4.
Pořadí na kvízu
Konečné umístění týmu na tomto kvízu.
Zaznamenané odpovědi
| # | Otázka | Odpověď | Body | Výsledky |
|---|---|---|---|---|
| 1. | Který český politik během svéh... | Petr Pavel | 1 | |
| 2. | Ve čtvrtek krátce po půlnoci s... | Artemis II | 1 | |
| 3. | Jedna česká sportovkyně se v p... | Petra Kvitová | 1 | |
| 4. | Vláda kterého evropského státu... | Polska | 0 | |
| 5. | Který slavný sportovec minulý... | Tiger Woods | 0 | |
| 6. | Vítězné téma facebookového hla... | 1D 2B 3A 4C | 1 | |
| 7. | Ve Formuli 1 můžeme občas zazn... | A | 1 | |
| 8. | Nejvíce velkých cen, k sezóně... | A | 1 | |
| 9. | Které křestní jméno má mladší... | Ralf | 1 | |
| 10. | Ve kterém státě se nachází záv... | v Japonsku | 0 |